Online Catalogue and eLibrary

Psychology from an empirical standpoint (Record no. 732)

MARC details
000 -LEADER
fixed length control field 00412nam a2200169Ia 4500
005 - DATE AND TIME OF LATEST TRANSACTION
control field 20240703004947.0
008 - FIXED-LENGTH DATA ELEMENTS--GENERAL INFORMATION
fixed length control field 240331s9999 xx 000 0 und d
020 ## - INTERNATIONAL STANDARD BOOK NUMBER
ISBN 0415106613
082 ## - DDC Classification
Class No. 153
Item Number - Author Mark BRE
100 ## - MAIN ENTRY--PERSONAL NAME
Personal name Brentano, F
245 #0 - TITLE STATEMENT
Title Psychology from an empirical standpoint
260 ## - PUBLICATION, DISTRIBUTION, ETC.
Place of publication, distribution, etc. London
Name of publisher, distributor, etc. Routledge
Date of publication, distribution, etc. 1995
300 ## - PHYSICAL DESCRIPTION
Extent (e.g. Volumes, Pages etc.) xxix, 415 p .,
650 ## - SUBJECT ADDED ENTRY--TOPICAL TERM
Topical term or geographic name entry element Psychology
650 ## - SUBJECT ADDED ENTRY--TOPICAL TERM
Topical term or geographic name entry element Philosophy
942 ## - Koha item type (Biblio)
Koha item type Books in Stacks (Lending)
Holdings
Lost status Damaged status Collection code Home library Current library Shelving location Date acquired Full call number Accession Number Item type
    Lending WERC Library WERC Library Social Science Cupboard 03/31/2024 153 BRE 5068 Books in Stacks (Lending)

© WERC Library